| 000 | 00478nam a22001817a 4500 | ||
|---|---|---|---|
| 005 | 20170302095727.0 | ||
| 008 | 170302b xxu||||| |||| 00| 0 eng d | ||
| 020 | _a9780470699621 | ||
| 040 | _cPK-LaUMT | ||
| 082 |
_a514.24 _bDRY-S |
||
| 100 | _aDryden , Ian L. | ||
| 245 |
_aStatistical shape analysis with applications in R/ _cIan L. Dryden and Kanti V. Mardia |
||
| 250 | _a2nd | ||
| 260 |
_aNew Delhi: _bWiley, _c2016 |
||
| 300 | _a454 p. | ||
| 546 | _aEN | ||
| 942 | _cBK | ||
| 999 |
_c91332 _d91332 |
||